[Event "Santiago de Surco Cup Santa Maria 1st"]
[Site "Santiago de Surco"]
[Date "2016.12.10"]
[Round "7.3"]
[White "Garcia Benavides, Omar"]
[Black "Obando, Richard"]
[Result "1-0"]
[WhiteElo "2030"]
[BlackElo "2100"]
[PlyCount "61"]
[EventDate "2016.11.26"]
[EventType "swiss"]
[EventRounds "7"]
[EventCountry "PER"]
[SourceTitle "EXT 2024"]
[Source "ChessBase"]
[SourceDate "2023.10.10"]
[SourceVersion "1"]
[SourceVersionDate "2023.10.10"]
[SourceQuality "1"]

1. e4 e5 2. Nf3 Nc6 3. Bc4 Nf6 4. d3 Bc5 5. 0-0 d6 6. a4 a6 7. h3 h6 8. c3 Ba7 9. Nbd2 g5 10. Nh2 Ne7 11. Re1 g4 12. hxg4 Rg8 13. Ndf1 Nxg4 14. Nxg4 Bxg4 15. Qb3 Bh5 16. Be3 d5 17. exd5 Ng6 18. Bxa7 Rxa7 19. d6 Rg7 20. d4 cxd6 21. dxe5 dxe5 22. Ng3 Bg4 23. Re3 b6 24. Rd3 Rd7 25. Rxd7 Qxd7 26. Ne4 Qc6 27. Bd5 Qc7 28. Nf6+ Kf8 29. Nxg4 Nf4 30. Qb4+ Kg8 31. Nf6+ 1-0

[Event "Santiago de Surco Cup Santa Maria 1st"]
[Site "Santiago de Surco"]
[Date "2016.11.26"]
[Round "2.4"]
[White "Obando, Richard"]
[Black "Guzman Castanos, Wesly"]
[Result "1-0"]
[WhiteElo "2100"]
[BlackElo "1532"]
[PlyCount "63"]
[EventDate "2016.11.26"]
[EventType "swiss"]
[EventRounds "7"]
[EventCountry "PER"]
[SourceTitle "EXT 2024"]
[Source "ChessBase"]
[SourceDate "2023.10.10"]
[SourceVersion "1"]
[SourceVersionDate "2023.10.10"]
[SourceQuality "1"]

1. d4 Nf6 2. Bg5 e6 3. e4 Be7 4. Bd3 d5 5. Bxf6 Bxf6 6. e5 Be7 7. h4 c5 8. dxc5 Bxc5 9. Qg4 Qb6 10. Nd2 Bxf2+ 11. Kf1 Nc6 12. Qxg7 Rf8 13. Nh3 Bd4 14. Nf3 Qxb2 15. Re1 Bd7 16. Qf6 Nb4 17. Nxd4 Qxd4 18. Nf2 Rc8 19. Bxh7 Nxc2 20. Bxc2 Rxc2 21. Kg1 Qd2 22. Rd1 Rc1 23. Rxc1 Qxc1+ 24. Kh2 Qc2 25. Ng4 Qg6 26. Qf4 Bc6 27. Nf6+ Kd8 28. Rc1 Qd3 29. Qb4 Rh8 30. Qd6+ Kc8 31. Rxc6+ bxc6 32. Qxc6+ 1-0

[Event "PER Grand Prix 1st"]
[Site "Lima"]
[Date "2004.??.??"]
[Round "3"]
[White "Samame Castillo, Juan Jose"]
[Black "Obando, Richard"]
[Result "1-0"]
[WhiteElo "2229"]
[BlackElo "2110"]
[PlyCount "73"]
[EventDate "2004.04.12"]
[EventType "swiss"]
[EventRounds "9"]
[EventCountry "PER"]
[SourceTitle "EXT 2005"]
[Source "ChessBase"]
[SourceDate "2004.11.15"]
[SourceVersion "1"]
[SourceVersionDate "2004.11.15"]
[SourceQuality "1"]

1. Nf3 Nf6 2. d4 d5 3. c4 c6 4. Nc3 dxc4 5. a4 Bf5 6. e3 e6 7. Bxc4 Bb4 8. 0-0 0-0 9. Qe2 Bg6 10. Ne5 Nbd7 11. Nxg6 hxg6 12. Rd1 Qa5 13. Bd2 Rad8 14. Be1 e5 15. d5 e4 16. dxc6 bxc6 17. Qc2 Rfe8 18. Ne2 Bxe1 19. Rxe1 Ne5 20. Red1 Qc7 21. Ng3 Neg4 22. Be2 Rb8 23. Rab1 Rb4 24. b3 Reb8 25. Bc4 Qe5 26. Rd4 c5 27. Rd2 Re8 28. Rbd1 Rbb8 29. Bb5 Re7 30. Rd6 Qg5 31. Qd2 Re5 32. h3 Qh4 33. hxg4 Nxg4 34. Rd8+ Kh7 35. Rxb8 Rh5 36. Rh8+ Kxh8 37. Qd8+ 1-0

[Event "PER-ch U26"]
[Site "Peru"]
[Date "1997.??.??"]
[Round "7"]
[White "Obando, Richard"]
[Black "Gutierrez, Renzo"]
[Result "0-1"]
[WhiteElo "2080"]
[BlackElo "2085"]
[PlyCount "52"]
[EventDate "1997.??.??"]
[EventType "swiss"]
[EventRounds "7"]
[EventCountry "PER"]
[SourceTitle "EXT 2000"]
[Source "ChessBase"]
[SourceDate "1999.11.16"]
[SourceVersion "1"]
[SourceVersionDate "1999.11.16"]
[SourceQuality "1"]

1. e4 c5 2. Nf3 d6 3. d4 cxd4 4. Nxd4 Nf6 5. Nc3 g6 6. Be3 Bg7 7. f3 Nc6 8. Bc4 0-0 9. Qd2 Bd7 10. 0-0-0 Rc8 11. Bb3 Ne5 12. h4 h5 13. g4 hxg4 14. h5 gxh5 15. Bh6 e6 16. Bxg7 Kxg7 17. Qg5+ Ng6 18. fxg4 Rc5 19. Nf5+ exf5 20. Bxf7 Kxf7 21. gxf5 Ne5 22. Rxd6 Rg8 23. Qh6 Rc6 24. Rd2 Qf8 25. Qf4 Qc5 26. Nd5 Nd3+ 0-1

[Event "PER-ch U26"]
[Site "Peru"]
[Date "1997.??.??"]
[Round "4"]
[White "Salazar, Carlos"]
[Black "Obando, Richard"]
[Result "1-0"]
[WhiteElo "2270"]
[BlackElo "2080"]
[PlyCount "75"]
[EventDate "1997.??.??"]
[EventType "swiss"]
[EventRounds "7"]
[EventCountry "PER"]
[SourceTitle "EXT 2000"]
[Source "ChessBase"]
[SourceDate "1999.11.16"]
[SourceVersion "1"]
[SourceVersionDate "1999.11.16"]
[SourceQuality "1"]

1. d4 d6 2. e4 e5 3. Nf3 Nc6 4. Bb5 exd4 5. Nxd4 Bd7 6. c4 g6 7. Nc3 Bg7 8. Bxc6 bxc6 9. Be3 Rb8 10. Qd2 Qh4 11. 0-0 Nh6 12. Nf3 Qh5 13. Bxa7 0-0 14. Bxb8 Rxb8 15. Rab1 Bg4 16. Qd3 f5 17. Nd2 fxe4 18. Ndxe4 Bf5 19. f3 Nf7 20. g4 Ne5 21. Qe2 Nxf3+ 22. Qxf3 Bxg4 23. Nf6+ Bxf6 24. Qxf6 Qc5+ 25. Qf2 Qxc4 26. Qe3 Bf5 27. Rf4 Qf7 28. b3 Re8 29. Qg3 Qe6 30. Rbf1 Kh8 31. R4f2 Qf6 32. Ne2 c5 33. Qc3 Re5 34. Ng3 Kg8 35. Nxf5 gxf5 36. Rxf5 Qg6+ 37. Qg3 Qxg3+ 38. hxg3 1-0